Derek Chen (UG)

Columbia C


Categories

Social Science03013079107.3312
Science - Biology031125103107.3301
Science - Chemistry0311255384.0013
History - Other History020020106112.0002
History - World History0210157495.5002
Other0100106666.0001
Literature - American Literature010110142142.0000
Mythology0100108383.0001
Fine Arts - Classical Music010010129129.0001
Science - Other Science0100107878.0001

Buzzes

Science - Chemistrymass spectrometry1053
Otherfanfiction1066
History - World Historyturtles1074
Science - Other Sciencepesticides1078
Social ScienceAmerican Sign Language1079
MythologyOrion1083
Science - Chemistrystereoselectivity1086
Science - Chemistrycooling-593
History - World HistoryKinshasa-5101
Science - Biologyallergy10103